000 00306nam a22001217a 4500
020 _a0735618321
082 _222
_a005.7585
100 _aNA
245 _aMicrosoft SQL server 2000 operations /
260 _aUSA,
_bMicrosoft Corporation,
_cc2002.
300 _aviii, 199p. ;
_bill. ;
_c23 cm.
942 _2ddc
_cIT
999 _c1421
_d1421